|
|
|
|
| LEADER |
00000ny a22000003n 4500 |
| 005 |
20110617143538.0 |
| 008 |
060731s2006 sp 100 0 spa d |
| 017 |
|
|
|a D.L.SE2434-06
|
| 020 |
|
|
|a 9788497728324
|
| 035 |
|
|
|a 1387
|
| 040 |
|
|
|a UPO
|d vLex
|
| 080 |
|
|
|a 351.855.3:796-057.875(460)(063)
|
| 090 |
|
|
|c 838
|d 838
|
| 245 |
0 |
3 |
|a El deporte universitario en Espaą
|h [Recurso electrn̤ico]
|b actualidad y perspectivas de futuro /
|c Ramn̤ Terol Gm̤ez, director ; [I Jornadas de Deporte Universitario de la Universidad de Alicante con el tt̕ulo el Deporte Universitario en Espaą : Actualidad y Perspectivas de Futuro... 2004]
|
| 256 |
|
|
|a Servicio en ln̕ea
|
| 260 |
|
|
|a Madrid :
|b Dykinson,
|c D.L. 2006
|
| 300 |
|
|
|a 265 p. ;
|c 21 cm
|
| 506 |
1 |
|
|a Contenido solo disponible en los productos indicados
|d vLex Global
|d vLex Global (Academic Edition, excluding Law Schools)
|d vLex Global (U.S. Academic Edition, Law Schools)
|d vLex Global (U.S. Academic Edition, excluding Law Schools)
|d vLex Global (Academic Edition, Law Schools)
|
| 650 |
0 |
7 |
|a Penal
|2 Tesauro vLex
|
| 650 |
0 |
7 |
|2 Tesauro vLex
|a Derecho penal
|
| 700 |
1 |
|
|a Terol Gm̤ez, Ramn̤,
|e dir.
|
| 710 |
2 |
|
|a Universidad de Alicante
|
| 711 |
2 |
|
|a Jornadas de Deporte Universitario
|n (1ð.
|d 2004.
|c Alicante)
|
| 740 |
0 |
|
|a vLex Libros (Servicios en ln̕ea)
|
| 856 |
4 |
0 |
|z Acceso restringido
|u http://vlex.com/source/1387
|
| 942 |
|
|
|c BOOK
|
| 999 |
0 |
|
|a Criminal Law
|b Madrid
|